000 00578nam a22001577a 4500
999 _c534757
_d534757
020 _qHard Cover.
082 _a628.05
100 _aIqbal, Azhar
245 _aA COMPARATIVE STUDY OF THE TRACE ELEMENTS CONTAMINATION AROUND THE E-WASTE RECYCLING SITES AND THEIR TREATMENT WITH AGRICULTURE WASTE /
_cAzhar Iqbal.
260 _aIslamabad:
_bSCEE - NUST,
_c2015.
300 _a63 p. :
_bill. ;
_c30cm.
942 _2ddc
_cTHE
650 _aEnvironmental Science MS-Thesis.
_916562
700 _aDr. Muhammad Anwar Baig
_919516